Statistics for Alice in Wonderland Characters by Screen-time

Click here to take the quiz!

General Stats

  • This quiz has been taken 80 times
  • The average score is 7 of 11

Answer Stats

TimeCharacter% Correct
38:11Alice
100%
6:03Mad Hatter
85%
5:15White Rabbit
83%
6:49Queen of Hearts
80%
3:52Cheshire Cat
71%
3:21Tweedledee
58%
3:07Tweedledum
57%
4:30March Hare
52%
3:19Caterpillar
48%
3:23Walrus
32%
4:23Dodo
23%

Score Distribution

Percentile by Number Answered

Percent of People with Each Score

Your Score History

You have not taken this quiz